MARC details
| 000 -LEADER |
| fixed length control field |
01414nam a2200301 i 4500 |
| 003 - CONTROL NUMBER IDENTIFIER |
| control field |
CSPC |
| 005 - DATE AND TIME OF LATEST TRANSACTION |
| control field |
20240215140929.0 |
| 008 - FIXED-LENGTH DATA ELEMENTS--GENERAL INFORMATION |
| fixed length control field |
230717s2021 nyua 001 0 eng d |
| 020 ## - INTERNATIONAL STANDARD BOOK NUMBER |
| International Standard Book Number |
9781641728058 |
| 040 ## - CATALOGING SOURCE |
| Transcribing agency |
CSPC |
| 050 #4 - LIBRARY OF CONGRESS CALL NUMBER |
| Classification number |
TK452 |
| Item number |
.E44 |
| 082 #4 - DEWEY DECIMAL CLASSIFICATION NUMBER |
| Classification number |
621.31924 |
| Item number |
Sco832e |
| Edition number |
23 |
| 100 1# - MAIN ENTRY--PERSONAL NAME |
| Personal name |
Scott, Harper, |
| Relator term |
author. |
| 245 10 - TITLE STATEMENT |
| Title |
Electrical installation and maintenance : |
| Remainder of title |
basic and intermediate / |
| Statement of responsibility, etc. |
Harper Scott. |
| 264 #1 - PRODUCTION, PUBLICATION, DISTRIBUTION, MANUFACTURE, AND COPYRIGHT NOTICE |
| Place of production, publication, distribution, manufacture |
New York : |
| Name of producer, publisher, distributor, manufacturer |
Larsen and Keller, |
| Date of production, publication, distribution, manufacture, or copyright notice |
2021. |
| 300 ## - PHYSICAL DESCRIPTION |
| Extent |
viii, 235 pages : |
| Other physical details |
color illustrations ; |
| Dimensions |
27 cm. |
| 336 ## - CONTENT TYPE |
| Source |
rdacontent |
| Content type term |
text |
| 337 ## - MEDIA TYPE |
| Source |
rdamedia |
| Media type term |
unmediated |
| 338 ## - CARRIER TYPE |
| Source |
rdacarrier |
| Carrier type term |
volume |
| 504 ## - BIBLIOGRAPHY, ETC. NOTE |
| Bibliography, etc. note |
Includes bibliographical references and index. |
| 505 0# - FORMATTED CONTENTS NOTE |
| Formatted contents note |
Electrical installation : an introduction -- Electrical maintenance and repair -- Measuring power, current and energy -- Electrical testing -- Electrical safety and precautions. |
| 650 #4 - SUBJECT ADDED ENTRY--TOPICAL TERM |
| Topical term or geographic name entry element |
Electric apparatus and appliances |
| General subdivision |
Installation. |
| 650 #4 - SUBJECT ADDED ENTRY--TOPICAL TERM |
| Topical term or geographic name entry element |
Electric apparatus and appliances |
| General subdivision |
Maintenance and repair. |
| 650 #4 - SUBJECT ADDED ENTRY--TOPICAL TERM |
| Topical term or geographic name entry element |
Electric apparatus and appliances |
| General subdivision |
Installation |
| -- |
Vocational guidance. |
| 650 #4 - SUBJECT ADDED ENTRY--TOPICAL TERM |
| Topical term or geographic name entry element |
Electric apparatus and appliances |
| General subdivision |
Maintenance and repair |
| -- |
Vocational guidance. |
| 942 ## - ADDED ENTRY ELEMENTS (KOHA) |
| Source of classification or shelving scheme |
Dewey Decimal Classification |
| Koha item type |
Books |
| Classification part |
621.319 |
| Call number prefix |
ENG |
| Call number suffix |
2021 |
| Suppress in OPAC |
No |